From health service delivery to family planning: The changing impact of health clinics on fertility in Rural Iran (Record no. 98090)

000 -LEADER
fixed length control field 00651pab a2200217 454500
008 - FIXED-LENGTH DATA ELEMENTS--GENERAL INFORMATION
fixed length control field 180718b2013 xxu||||| |||| 00| 0 eng d
100 ## - MAIN ENTRY--PERSONAL NAME
Personal name Hashemi, Ali
245 ## - TITLE STATEMENT
Title From health service delivery to family planning: The changing impact of health clinics on fertility in Rural Iran
260 ## - PUBLICATION, DISTRIBUTION, ETC.
Date of publication, distribution, etc. 2013
300 ## - PHYSICAL DESCRIPTION
Extent p.282-309.
362 ## - DATES OF PUBLICATION AND/OR SEQUENTIAL DESIGNATION
Dates of publication and/or sequential designation Jan
650 ## - SUBJECT ADDED ENTRY--TOPICAL TERM
Topical term or geographic name entry element Fertility - Iran
650 ## - SUBJECT ADDED ENTRY--TOPICAL TERM
Topical term or geographic name entry element Birth control - Iran
650 ## - SUBJECT ADDED ENTRY--TOPICAL TERM
Topical term or geographic name entry element Family planning - Iran
650 ## - SUBJECT ADDED ENTRY--TOPICAL TERM
Topical term or geographic name entry element Health services - Iran
650 ## - SUBJECT ADDED ENTRY--TOPICAL TERM
Topical term or geographic name entry element Health services
700 ## - ADDED ENTRY--PERSONAL NAME
Personal name Salehi-Isfahani, Djavad
773 ## - HOST ITEM ENTRY
Main entry heading Economic Development and Cultural Change
908 ## - PUT COMMAND PARAMETER (RLIN)
Put command parameter N
909 ## -
-- 98091
Holdings
Withdrawn status Lost status Damaged status Not for loan Permanent Location Current Location Date acquired Serial Enumeration / chronology Barcode Date last seen Price effective from Koha item type
        Indian Institute of Public Administration Indian Institute of Public Administration 2018-07-19 Volume no: 61, Issue no: 2 AR98551 2018-07-19 2018-07-19 Articles

Powered by Koha